| 000 | 00773nam a2200205 a 4500 | ||
|---|---|---|---|
| 001 | 000036625 | ||
| 005 | 20200930075833.0 | ||
| 008 | 120123s2005 dr 000 0 spa d | ||
| 040 |
_aDO-SdBNP _bspa _cBNPHU |
||
| 100 | 1 |
_aThen, Bernardo _962921 |
|
| 245 | 1 | 0 |
_aMás allá de la mirada / _cBernardo Then ; coordinador Francisco Noder ; texto Raysa Polanco ; fotografía Gianfranco Lanzetti. |
| 260 |
_aSanto Domingo : _bArte Latinoamericana, _c2005. |
||
| 300 |
_a11 p., [10] p. de láms. : _bil. ; _c25 cm. |
||
| 490 | 1 | _aMemorias del Caribe | |
| 500 | _aIncluye datos biográficos del autor en la contracubierta | ||
| 700 | 1 |
_aNoder, Francisco _962922 |
|
| 700 | 1 |
_aPolanco, Raysa _962923 |
|
| 700 | 1 |
_aLanzetti, Gianfranco _962924 |
|
| 830 | 0 |
_aMemorias del Caribe _962925 |
|
| 999 |
_c36116 _d36116 |
||